| 000 | 00686 a2200217 4500 | ||
|---|---|---|---|
| 020 | _a0-19-860864-0 | ||
| 020 | _a978-0-19-860864-6 | ||
| 020 | _a0-19-861010-6 | ||
| 020 | _a978-0-19-861010-6 | ||
| 040 |
_aDLC _bDLC |
||
| 245 | 0 | 4 |
_aThe concise Oxford English dictionary _cedited by Catherine Soanes, Angus Stevenson |
| 250 | _a11. rev. ed. | ||
| 260 |
_aOxford ; _aNew York : _bOxford University Press, _c2004 |
||
| 300 |
_axx, 1708 s. ; _c25 cm |
||
| 650 | 0 | _aEnglish language | |
| 650 | 0 |
_aEnglish language _xNew words |
|
| 700 | 1 |
_aSoanes, Catherine _4edt |
|
| 700 | 1 |
_aStevenson, Angus _4edt |
|
| 740 | 0 | _aConcise Oxford dictionary of current English | |
| 942 |
_cBK _k423 SOA _2ddc |
||
| 999 |
_c4779 _d4779 |
||